000
00210 a2200097 4500
001
8408
100
_a
Johnson Piose & Poetry
245
_a
Johnson Prose & poetry
260
_a
_b
Oxford
_c
090
_c
6778
_d
6778
942
_a
NUST-CAE
_c
M
_c
33353
999
_c
243481
_d
243481